Moderna filosofía de la ciencia: ensayos escogidos
Saved in:
| 主要作者: | |
|---|---|
| 格式: | 圖書 |
| 語言: | 西班牙语 |
| 出版: |
Madrid
Tecnos
1965
|
| 叢編: | Estructura y Función
|
| 主題: | |
| 標簽: |
添加標簽
沒有標簽, 成為第一個標記此記錄!
|
MARC
| LEADER | 00000nam a2200000 a 4500 | ||
|---|---|---|---|
| 001 | UCZ4755 | ||
| 003 | CL-VaPUC | ||
| 008 | 951110e19650000SP |||||||||||||||||spa|d | ||
| 082 | 0 | 4 | |a 501 |b REI |2 21 |
| 100 | 0 | |a Reichenbach, Hans |e author |9 348754 | |
| 245 | 1 | 0 | |a Moderna filosofía de la ciencia: ensayos escogidos |
| 300 | |a 258 p | ||
| 942 | |c BK | ||
| 945 | |d 19951110 00:00:00 |a lriquelm | ||
| 260 | |a Madrid |b Tecnos |c 1965 | ||
| 650 | 0 | |a Filosofía de las ciencias |9 256466 | |
| 650 | 0 | |a Filosofía de la naturaleza |9 265899 | |
| 650 | 0 | |a Racionalismo |9 259116 | |
| 650 | 0 | |a Empirismo |9 255037 | |
| 650 | 0 | |a Libre albedrío |9 334583 | |
| 650 | 0 | |a Voluntad |9 307812 | |
| 650 | 0 | |a Ética |9 255099 | |
| 583 | |a last modification |c 19951110 00:00:00 |k Rodrigo Vera | ||
| 490 | 0 | |a Estructura y Función | |
| 999 | |c 241121 |d 241119 | ||
| 952 | |0 0 |1 0 |4 0 |6 501_000000000000000_REI_1965 |7 0 |8 P |9 253286 |a BIBEDU |b BIBEDU |c BIBEDU_PB |d 2019-11-19 |i 1599275 |o 501 REI 1965 |p 1599275 |r 2024-01-25 |w 2019-11-19 |y BK |k FIL | ||
| 952 | |0 0 |1 0 |4 0 |6 501_000000000000000_REI_1965 |7 0 |8 A |9 253287 |a BIBCUR |b BIBCUR |d 2019-11-19 |i 4534328 |o 501 REI 1965 |p 4534328 |r 2025-04-22 |w 2019-11-19 |y BK |k FIS | ||